La tragedie sovietique : (Record no. 6746)
[ view plain ]
| 000 -LEADER | |
|---|---|
| fixed length control field | 00789nam a22002417a 4500 |
| 001 - CONTROL NUMBER | |
| control field | 6746 |
| 003 - CONTROL NUMBER IDENTIFIER | |
| control field | FISKH |
| 005 - DATE AND TIME OF LATEST TRANSACTION | |
| control field | 20250523144441.0 |
| 008 - FIXED-LENGTH DATA ELEMENTS--GENERAL INFORMATION | |
| fixed length control field | 250523b cb ||||| |||| 00| 0 eng d |
| 020 ## - INTERNATIONAL STANDARD BOOK NUMBER | |
| International Standard Book Number | 9782020362832 |
| 040 ## - CATALOGING SOURCE | |
| Original cataloging agency | FISKH |
| Language of cataloging | French |
| Transcribing agency | FISKH |
| Modifying agency | FISKH |
| 050 ## - LIBRARY OF CONGRESS CALL NUMBER | |
| Classification number | HX311.5 .M355 |
| 082 ## - DEWEY DECIMAL CLASSIFICATION NUMBER | |
| Classification number | 900 |
| 100 ## - MAIN ENTRY--PERSONAL NAME | |
| Personal name | Malia, Martin |
| 245 ## - TITLE STATEMENT | |
| Title | La tragedie sovietique : |
| Remainder of title | Histoire du socialisme en Russie 1917-1991 / |
| Statement of responsibility, etc. | By Martin Malia |
| 250 ## - EDITION STATEMENT | |
| Edition statement | Edition mise a jour par l'auteur |
| 260 ## - PUBLICATION, DISTRIBUTION, ETC. | |
| Place of publication, distribution, etc. | Paris : |
| Name of publisher, distributor, etc. | Ed. du Seuil , |
| Date of publication, distribution, etc. | 1999. |
| 300 ## - PHYSICAL DESCRIPTION | |
| Extent | 686 pages : |
| Other physical details | illustrations ; |
| Dimensions | 18 cm . |
| 520 ## - SUMMARY, ETC. | |
| Summary, etc. | Details the evolution of Sovietism over seventy-four years from its origins to its end in 1991. |
| 650 ## - SUBJECT ADDED ENTRY--TOPICAL TERM | |
| Topical term or geographic name entry element | Russian History |
| Form subdivision | Non-fiction |
| 942 ## - ADDED ENTRY ELEMENTS (KOHA) | |
| Source of classification or shelving scheme | Dewey Decimal Classification |
| Koha item type | Books |
| Suppress in OPAC | No |
| Withdrawn status | Lost status | Source of classification or shelving scheme | Damaged status | Not for loan | Collection | Home library | Current library | Shelving location | Date acquired | Total Checkouts | Full call number | Barcode | Date last seen | Price effective from | Koha item type |
|---|---|---|---|---|---|---|---|---|---|---|---|---|---|---|---|
| Dewey Decimal Classification | Non-Fiction | Footprints International School Library Network Toul Tom Poung Campus | Footprints International School Library Network Toul Tom Poung Campus | TTP Secondary Non-Fiction Bookshelves | 05/23/2025 | MAL 900 HX311.5 .M355 | 2025-1391 | 05/23/2025 | 05/23/2025 | Books |
